[Event "Stay Safe Play From Home 249"]
[Site "Emanuel Lasker Arena"]
[Date "2020.06.23"]
[Round "3"]
[White "Dukic"]
[Black "MartinKestler"]
[Result "1-0"]
[WhiteElo "1907"]
[BlackElo "2135"]
[Annotator "TA"]
[PlyCount "113"]
[EventDate "2020.06.23"]
[EventType "swiss (blitz)"]

{[%evp 9,113,75,86,80,144,100,100,57,67,36,76,60,106,106,110,119,108,79,108,104,173,169,167,171,191,145,148,124,146,139,140,141,149,89,105,84,132,82,215,93,154,91,169,57,143,20,46,-56,-59,-185,8,0,0,0,0,-31,0,0,0,0,30,0,0,0,170,115,270,100,102,0,0,2,109,112,905,894,1007,928,1603,1588,1370,1413,1083,928,900,859,1797,1609,2316,4908,2043,2096,12837,12837,12840,12841,12841,12839,12843,12843,12847,12847,12847,12847,29995,29996]} 1. c4 d5 2. cxd5 Qxd5 3. Nf3 c5 4. Nc3 Qd6 5. d4 e6 6. e4 {[#] A10: English Opening: Unusual Replies for Black.} a6 $146 (6... cxd4 $142 7. Nb5 (7. Nxd4 Nc6 $16) (7. Qxd4 Qxd4 8. Nxd4 a6 $14) 7... Qd8) ({Predecessor:} 6... f6 7. Be3 cxd4 8. Nxd4 Nc6 9. Ncb5 Qd8 10. Nxc6 bxc6 11. Qxd8+ Kxd8 12. Rd1+ Ke7 13. Nxa7 {1-0 (35) Mason,I-Kumar,A IECG email 2004}) 7. e5 Qd8 8. Be3 {White is better.} cxd4 $1 9. Nxd4 Ne7 10. Bd3 Nec6 11. Nxc6 Nxc6 12. f4 $36 {[%mdl 2048] White is in control.} Bb4 13. Rc1 O-O 14. O-O Be7 (14... Ne7 $16) 15. Qc2 $18 g6 {Strongly threatening ...Nb4.} 16. Be4 Nb4 17. Qb1 Qa5 18. Rfd1 Bc5 19. Bxc5 Qxc5+ 20. Kh1 Qf2 21. g3 (21. Rf1 $142 Qb6 22. Rfd1) 21... Rb8 22. a3 Nc6 23. Rc2 Qe3 {[#]} (23... Qa7 $16 {is a better defense.}) 24. Rcd2 (24. Rd3 $1 $18 {[%cal Rd3e3] and the rest is easy.} Qa7 25. Bg2) 24... Na5 (24... Kg7 $142 25. Rd3 Qa7) 25. Rd3 (25. Rd4 $142) 25... Qf2 (25... Qa7 $16) 26. R1d2 (26. Bg2 $18) 26... Qb6 (26... Qa7 $1 $14) 27. Rd6 (27. Bg2 $16) 27... Qc7 $11 28. R2d4 ({White should try} 28. Qc2 $14) 28... Nc4 $15 29. h4 (29. Qd3 $15 Nxd6 30. exd6) 29... h5 $2 ({Black should play} 29... Nxd6 $19 30. exd6 Qb6) 30. Bxg6 Nxd6 31. Bh7+ Kg7 32. exd6 Qc5 (32... Qb6 $5 {[%cal Rb6d4]} 33. Qd1 Bd7 $15) 33. Qd3 {Threatens to win with d7.} Bd7 {aiming for ...f5.} 34. Be4 Bc6 35. b4 (35. Rc4 $5 {[%cal Rc4c5]} Bxe4+ 36. Nxe4 $11) 35... Bxe4+ $1 36. Nxe4 Qc6 $2 (36... Qc1+ $11 37. Kg2 Rfc8) 37. Kh2 (37. d7 $18) 37... Rbc8 $2 {[#]} (37... Qb5 $16) 38. d7 $2 (38. Qe2 $1 $18 {is the precise move to win.}) 38... Qc2+ $16 39. Kh3 (39. Qxc2 $16 Rxc2+ 40. Kh3) 39... Qxd3 $11 40. Rxd3 {[%mdl 4096] Endgame KRR-KRN} Rcd8 (40... Rb8 $1 $11) 41. Nc5 {Black is on the road to losing.} Kf6 $2 {[%mdl 8192]} (41... Rb8 $16) 42. Nxb7 $18 Ke7 43. Nxd8 Rxd8 {KR-KR} 44. g4 hxg4+ 45. Kxg4 Rg8+ 46. Kf3 Kd8 47. h5 Rh8 48. Kg4 Rg8+ 49. Kh4 Rh8 50. Kg5 f6+ 51. Kxf6 Rxh5 52. Kxe6 Rh6+ 53. Ke5 Rb6 54. f5 {White wants to mate with f6.} Rb5+ 55. Rd5 {Threatening mate with Rxb5.} Rb6 56. f6 {White threatens f7 and mate.} Rxf6 57. Kxf6 {Accuracy: White = 41%, Black = 38%.} 1-0

[Event "Stay Safe Play From Home 249"]
[Site "Emanuel Lasker Arena"]
[Date "2020.06.23"]
[Round "3"]
[White "Klasman"]
[Black "Germanicus G"]
[Result "1-0"]
[WhiteElo "1755"]
[BlackElo "1678"]
[Annotator "NA RC"]
[PlyCount "77"]
[EventDate "2020.06.23"]
[EventType "swiss (blitz)"]

1. f4 {[%emt 0:00:02]} g6 {[%emt 0:00:02]} 2. e4 {[%emt 0:00:04]} Bg7 {[%emt 0:00:00]} 3. d4 {[%emt 0:00:01]} e6 {[%emt 0:00:02]} 4. c4 {[%emt 0:00:01]} c5 {[%emt 0:00:04]} 5. d5 {[%emt 0:00:04]} exd5 {[%emt 0:00:11]} 6. cxd5 {[%emt 0:00:05]} d6 {[%emt 0:00:01]} 7. Nc3 {[%emt 0:00:13]} Nf6 {[%emt 0:00:02]} 8. Bd3 {[%emt 0:00:03]} O-O {[%emt 0:00:02]} 9. Nf3 {[%emt 0:00:02]} Re8 {[%emt 0:00:13]} 10. O-O {[%emt 0:00:08]} c4 {[%emt 0:00:06]} 11. Bc2 {[%emt 0:00:08]} Ng4 {[%emt 0:00:11]} 12. h3 {[%emt 0:00:10]} Qb6+ {[%emt 0:00:09]} 13. Kh1 {[%emt 0:00:22]} Nf2+ {[%emt 0:00:03]} 14. Rxf2 {[%emt 0:00:01]} Qxf2 {[%emt 0:00:03]} 15. Bd2 {[%emt 0:00:21]} a6 {[%emt 0:00:12]} 16. Qf1 {[%emt 0:00:05]} Qxf1+ {[%emt 0:00:03]} 17. Rxf1 {[%emt 0:00:03]} b5 {[%emt 0:00:00]} 18. a3 {[%emt 0:00:02]} Nd7 {[%emt 0:00:03]} 19. Be3 {[%emt 0:00:06]} Nc5 {[%emt 0:00:09]} 20. Bxc5 {[%emt 0:00:03]} dxc5 {[%emt 0:00:02]} 21. e5 {[%emt 0:00:01]} Bb7 {[%emt 0:00:03]} 22. d6 {[%emt 0:00:08]} Red8 {[%emt 0:00:10]} 23. g4 {[%emt 0:00:12]} b4 {[%emt 0:00:01]} 24. axb4 {[%emt 0:00:05]} cxb4 {[%emt 0:00:01]} 25. Na4 {[%emt 0:00:02]} Bc6 {[%emt 0:00:06]} 26. Nb6 {[%emt 0:00:03]} Rab8 {[%emt 0:00:06]} 27. Nxc4 {[%emt 0:00:02]} Rb5 {[%emt 0:00:17]} 28. Ba4 {[%emt 0:00:07]} Rc5 {[%emt 0:00:17]} 29. Bxc6 {[%emt 0:00:14]} Rxc4 {[%emt 0:00:02]} 30. Bd5 {[%emt 0:00:10]} Rc5 {[%emt 0:00:02]} 31. Bb3 {[%emt 0:00:04]} a5 {[%emt 0:00:01]} 32. Ng5 {[%emt 0:00:01]} h6 {[%emt 0:00:06]} 33. Nxf7 {[%emt 0:00:19]} Rd7 {[%emt 0:00:12]} 34. e6 {[%emt 0:00:05]} Rxf7 {[%emt 0:00:04]} 35. exf7+ {[%emt 0:00:02]} Kf8 {[%emt 0:00:03]} 36. Re1 {[%emt 0:00:06]} Rc8 {[%emt 0:00:05]} 37. d7 {[%emt 0:00:01]} Rd8 {[%emt 0:00:02]} 38. Re8+ {[%emt 0:00:02]} Rxe8 {[%emt 0:00:02]} 39. fxe8=Q# {[%emt 0:00:03] (Lag: Av=0.25s, max=0.7s)} 1-0

[Event "Stay Safe Play From Home 249"]
[Site "Emanuel Lasker Arena"]
[Date "2020.06.23"]
[Round "3"]
[White "Timbre"]
[Black "Tobo Rubirosa"]
[Result "0-1"]
[WhiteElo "1676"]
[BlackElo "1716"]
[Annotator "NA RC"]
[PlyCount "58"]
[EventDate "2020.06.23"]
[EventType "swiss (blitz)"]

1. d4 {[%emt 0:00:06]} Nf6 {[%emt 0:00:02]} 2. Nf3 {[%emt 0:00:01]} g6 {[%emt 0:00:01]} 3. c3 {[%emt 0:00:02]} Bg7 {[%emt 0:00:02]} 4. Bf4 {[%emt 0:00:01]} O-O {[%emt 0:00:01]} 5. e3 {[%emt 0:00:01]} h6 {[%emt 0:00:03]} 6. Be2 {[%emt 0:00:01]} d6 {[%emt 0:00:06]} 7. Nbd2 {[%emt 0:00:01]} Nh5 {[%emt 0:00:02]} 8. Bg3 {[%emt 0:00:02]} Nxg3 {[%emt 0:00:02]} 9. hxg3 {[%emt 0:00:01]} c5 {[%emt 0:00:02]} 10. Kf1 {[%emt 0:00:01]} Nc6 {[%emt 0:00:04]} 11. Kg1 {[%emt 0:00:01]} Qb6 {[%emt 0:00:06]} 12. Qc2 {[%emt 0:00:04]} Bf5 {[%emt 0:00:03]} 13. e4 {[%emt 0:00:02]} Bg4 {[%emt 0:00:01]} 14. Rh4 {[%emt 0:00:04]} Bxf3 {[%emt 0:00:09]} 15. gxf3 {[%emt 0:00:03]} cxd4 {[%emt 0:00:04]} 16. cxd4 {[%emt 0:00:05]} Nxd4 {[%emt 0:00:03]} 17. Qd3 {[%emt 0:00:04]} Nxe2+ {[%emt 0:00:02]} 18. Qxe2 {[%emt 0:00:02]} Qxb2 {[%emt 0:00:13]} 19. Rf1 {[%emt 0:00:02]} Bc3 {[%emt 0:00:09]} 20. Qe3 {[%emt 0:00:08]} Qxd2 {[%emt 0:00:04]} 21. Qxd2 {[%emt 0:00:06]} Bxd2 {[%emt 0:00:02]} 22. Kg2 {[%emt 0:00:01]} Rac8 {[%emt 0:00:03]} 23. f4 {[%emt 0:00:01]} Kg7 {[%emt 0:00:15]} 24. Rfh1 {[%emt 0:00:05]} Rh8 {[%emt 0:00:01]} 25. f5 {[%emt 0:00:01]} Rc2 {[%emt 0:00:09]} 26. fxg6 {[%emt 0:00:06]} fxg6 {[%emt 0:00:03]} 27. Kf3 {[%emt 0:00:10]} Rhc8 {[%emt 0:00:04]} 28. Kg4 {[%emt 0:00:10]} h5+ {[%emt 0:00:05]} 29. Kh3 {[%emt 0:00:04]} Bg5 {[%emt 0:00:06] Timbre resigns (Lag: Av=0.72s, max=1.1s)} 0-1

[Event "Stay Safe Play From Home 249"]
[Site "Emanuel Lasker Arena"]
[Date "2020.06.23"]
[Round "3"]
[White "Watchel"]
[Black "Moontan"]
[Result "0-1"]
[WhiteElo "1559"]
[BlackElo "1837"]
[Annotator "NA RC"]
[PlyCount "148"]
[EventDate "2020.06.23"]
[EventType "swiss (blitz)"]

1. c4 {[%emt 0:00:02]} Nf6 {[%emt 0:00:04]} 2. Nc3 {[%emt 0:00:01]} d6 {[%emt 0:00:01]} 3. Nf3 {[%emt 0:00:02]} e5 {[%emt 0:00:01]} 4. g3 {[%emt 0:00:02]} c6 {[%emt 0:00:01]} 5. Bg2 {[%emt 0:00:01]} Nbd7 {[%emt 0:00:02]} 6. O-O {[%emt 0:00:01]} Qc7 {[%emt 0:00:01]} 7. d4 {[%emt 0:00:01]} Be7 {[%emt 0:00:01]} 8. e4 {[%emt 0:00:03]} O-O {[%emt 0:00:01]} 9. Be3 {[%emt 0:00:03]} Re8 {[%emt 0:00:01]} 10. dxe5 {[%emt 0:00:03]} dxe5 {[%emt 0:00:02]} 11. Qc2 {[%emt 0:00:05]} Bf8 {[%emt 0:00:02]} 12. Rad1 {[%emt 0:00:02]} g6 {[%emt 0:00:03]} 13. a3 {[%emt 0:00:09]} a5 {[%emt 0:00:05]} 14. Na4 {[%emt 0:00:06]} Ng4 {[%emt 0:00:27]} 15. Bg5 {[%emt 0:00:18]} f6 {[%emt 0:00:10]} 16. Bd2 {[%emt 0:00:06]} Nh6 {[%emt 0:00:02]} 17. Be3 {[%emt 0:00:10]} Nf7 {[%emt 0:00:02]} 18. Rd2 {[%emt 0:00:08]} Bh6 {[%emt 0:00:07]} 19. Bxh6 {[%emt 0:00:05]} Nxh6 {[%emt 0:00:03]} 20. Rfd1 {[%emt 0:00:04]} Nf7 {[%emt 0:00:05]} 21. b4 {[%emt 0:00:13]} axb4 {[%emt 0:00:02]} 22. axb4 {[%emt 0:00:01]} Re7 {[%emt 0:00:04]} 23. Nc3 {[%emt 0:00:15]} Kg7 {[%emt 0:00:02]} 24. b5 {[%emt 0:00:03]} Ra3 {[%emt 0:00:13]} 25. Qb2 {[%emt 0:00:09]} Qa5 {[%emt 0:00:03]} 26. Ne2 {[%emt 0:00:05]} Nc5 {[%emt 0:00:05]} 27. bxc6 {[%emt 0:00:01]} bxc6 {[%emt 0:00:02]} 28. Qc2 {[%emt 0:00:12]} Be6 {[%emt 0:00:09]} 29. Ne1 {[%emt 0:00:15]} Qa4 {[%emt 0:00:09]} 30. Qxa4 {[%emt 0:00:05]} Rxa4 {[%emt 0:00:02]} 31. Bf1 {[%emt 0:00:12]} Bxc4 {[%emt 0:00:06]} 32. Nc3 {[%emt 0:00:01]} Ra3 {[%emt 0:00:22]} 33. Nb1 {[%emt 0:00:10]} Ra4 {[%emt 0:00:08]} 34. Bxc4 {[%emt 0:00:07]} Rxc4 {[%emt 0:00:01]} 35. Rc2 {[%emt 0:00:01]} Rxc2 {[%emt 0:00:04]} 36. Nxc2 {[%emt 0:00:00]} Nxe4 {[%emt 0:00:01]} 37. Ne3 {[%emt 0:00:07]} f5 {[%emt 0:00:05]} 38. f4 {[%emt 0:00:01]} exf4 {[%emt 0:00:02]} 39. gxf4 {[%emt 0:00:01]} Rb7 {[%emt 0:00:03]} 40. Nc4 {[%emt 0:00:06]} c5 {[%emt 0:00:15]} 41. Nba3 {[%emt 0:00:06]} Nh6 {[%emt 0:00:12]} 42. Kg2 {[%emt 0:00:01]} Ng4 {[%emt 0:00:01]} 43. h3 {[%emt 0:00:06]} Ngf6 {[%emt 0:00:03]} 44. Rb1 {[%emt 0:00:05]} Rxb1 {[%emt 0:00:02]} 45. Nxb1 {[%emt 0:00:00]} Nd5 {[%emt 0:00:04]} 46. Kf3 {[%emt 0:00:05]} Kf6 {[%emt 0:00:02]} 47. Ne5 {[%emt 0:00:06]} h6 {[%emt 0:00:02]} 48. h4 {[%emt 0:00:02]} g5 {[%emt 0:00:02]} 49. hxg5+ {[%emt 0:00:01]} hxg5 {[%emt 0:00:01]} 50. Nd7+ {[%emt 0:00:01]} Ke7 {[%emt 0:00:03]} 51. Nb8 {[%emt 0:00:06]} Nxf4 {[%emt 0:00:03]} 52. Na6 {[%emt 0:00:03]} Kf6 {[%emt 0:00:03]} 53. Na3 {[%emt 0:00:02]} Ne6 {[%emt 0:00:08]} 54. Nc4 {[%emt 0:00:02]} g4+ {[%emt 0:00:01]} 55. Kg2 {[%emt 0:00:03]} f4 {[%emt 0:00:03]} 56. Nb8 {[%emt 0:00:02]} f3+ {[%emt 0:00:02]} 57. Kf1 {[%emt 0:00:06]} g3 {[%emt 0:00:01]} 58. Nd7+ {[%emt 0:00:01]} Kf5 {[%emt 0:00:03]} 59. Ne3+ {[%emt 0:00:05]} Kg5 {[%emt 0:00:03]} 60. Ne5 {[%emt 0:00:03]} Nd4 {[%emt 0:00:03]} 61. N5c4 {[%emt 0:00:04]} Kf4 {[%emt 0:00:02]} 62. Nd5+ {[%emt 0:00:03]} Kg4 {[%emt 0:00:02]} 63. Nde3+ {[%emt 0:00:01]} Kh3 {[%emt 0:00:01]} 64. Kg1 {[%emt 0:00:07]} f2+ {[%emt 0:00:01]} 65. Kf1 {[%emt 0:00:01]} Nf3 {[%emt 0:00:07]} 66. Ng2 {[%emt 0:00:05]} Nfd2+ {[%emt 0:00:02]} 67. Nxd2 {[%emt 0:00:04]} Nxd2+ {[%emt 0:00:01]} 68. Ke2 {[%emt 0:00:03]} f1=Q+ {[%emt 0:00:01]} 69. Kxd2 {[%emt 0:00:01]} Qxg2+ {[%emt 0:00:01]} 70. Kc3 {[%emt 0:00:02]} Qe4 {[%emt 0:00:01]} 71. Kd2 {[%emt 0:00:02]} g2 {[%emt 0:00:01]} 72. Kd1 {[%emt 0:00:02]} g1=Q+ {[%emt 0:00:01]} 73. Kd2 {[%emt 0:00:02]} Qf2+ {[%emt 0:00:01]} 74. Kd1 {[%emt 0:00:02]} Qb1# {[%emt 0:00:03] (Lag: Av=0.45s, max=0.7s)} 0-1

[Event "Stay Safe Play From Home 249"]
[Site "Emanuel Lasker Arena"]
[Date "2020.06.23"]
[Round "4"]
[White "MartinKestler"]
[Black "Lazieri3"]
[Result "0-1"]
[WhiteElo "2108"]
[BlackElo "2096"]
[Annotator "TA"]
[PlyCount "40"]
[EventDate "2020.06.23"]
[EventType "swiss (blitz)"]

{[%evp 9,40,22,53,64,66,25,29,-2,46,0,0,0,0,0,0,0,0,6,69,65,60,43,96,95,113,-345,-350,-343,-350,-323,-285,-283,-225]} 1. Nf3 c6 2. b3 d5 3. Bb2 Nf6 4. g3 Bf5 5. Bg2 Qc8 6. O-O {A07: Réti Opening: New York and Capablanca Systems.} Bh3 {[#]} 7. Bxf6 $146 ({Predecessor:} 7. d3 Bxg2 8. Kxg2 e6 9. Nbd2 Nbd7 10. e4 dxe4 11. dxe4 Be7 12. Qe2 h6 13. Rfd1 {1-0 (39) Tsapulin,A (2205)-Petrov,V (1907) Kaluga 2013}) 7... exf6 8. d4 {White has an edge.} h5 9. Nbd2 h4 10. e4 ({But not} 10. Nxh4 $2 {[#]} Rxh4 $1 {[%mdl 512]} 11. Bxh3 (11. gxh4 $2 {leads to mate.} Qg4 {[%mdl 64] Double Attack} 12. Kh1 Qxg2#) 11... Rxh3 $19) 10... hxg3 11. fxg3 Bxg2 12. Kxg2 Qh3+ 13. Kg1 Nd7 ({Black should play} 13... dxe4 $11 14. Nxe4 Na6) 14. exd5 $14 cxd5 15. Qe2+ Kd8 (15... Qe6 $14 16. Qb5 O-O-O) 16. Rae1 $16 {Threatens to win with Qe8+.} Bd6 17. Rf2 $2 {[%mdl 8192] [#] This costs White the game.} (17. c4 $16) 17... Bxg3 $1 $19 {[%mdl 512] Black has a decisive advantage.} 18. Qe7+ (18. hxg3 Qh1#) 18... Kc7 19. Qxf7 Bxf2+ 20. Kxf2 Qf5 {Accuracy: White = 63%, Black = 65%.} 0-1

[Event "Stay Safe Play From Home 249"]
[Site "Emanuel Lasker Arena"]
[Date "2020.06.23"]
[Round "4"]
[White "Dave_H"]
[Black "Dukic"]
[Result "1-0"]
[WhiteElo "1909"]
[BlackElo "1934"]
[Annotator "TA"]
[PlyCount "81"]
[EventDate "2020.06.23"]
[EventType "swiss (blitz)"]
[WhiteTeam "SK Vellmar"]

{[%evp 9,81,49,53,-8,0,-26,0,-28,0,-14,-5,-12,-15,-74,0,0,33,27,33,0,25,0,0,6,16,-85,-94,-60,0,0,0,0,28,32,31,9,56,47,64,70,184,164,391,387,458,433,364,114,266,232,225,204,218,185,377,383,1268,1297,1303,1214,1188,1164,2420,2308,29986,29987,29987,29988,29988,29984,29987,29985,29985,29985]} 1. e4 c6 2. d4 d6 3. c4 Nd7 4. Nc3 e5 5. d5 Be7 6. f4 {B12: Caro-Kann: Advance Variation.} (6. h3 $14) 6... Ngf6 7. Nf3 {[#]} Qa5 $146 ({Predecessor:} 7... Qc7 8. Be2 a6 9. O-O O-O 10. Kh1 Re8 11. f5 h6 12. h3 Nf8 13. g4 N6h7 {1-0 (26) Le Roch,D (1943)-De Cohen,L (1710) Avoine 2006}) 8. Bd2 {The position is equal.} Qb6 9. fxe5 Nxe5 $40 {[%mdl 128] White needs to defend precisely.} 10. Nxe5 dxe5 11. Rb1 (11. Qb3 $11) 11... Ng4 (11... O-O $17 12. Qf3 Bg4) 12. Qf3 $11 O-O {Hoping for ...f5.} (12... f5 $5 13. exf5 O-O 14. dxc6 (14. Qxg4 Bxf5 {[%mdl 64] Double Attack} 15. Qg3 Bxb1 $15) 14... Bxf5 $11) 13. h3 Nf6 14. Bd3 Nd7 15. Be3 Bc5 16. Bxc5 Nxc5 17. Be2 (17. Bc2 $11) 17... f5 $17 18. Qe3 a5 (18... fxe4 $15 19. Rf1 Bf5) 19. O-O $11 f4 20. Qf2 Qa7 21. Bf3 Bd7 22. Kh1 g5 23. b3 {[%cal Bb2b3,Bb3b4][%mdl 32]} Rf7 24. a3 {[%cal Ba2a3,Ba3b4][%mdl 32]} b6 {[#]} ({Black should play} 24... Na6 $14) 25. b4 $1 $18 {[%cal Rb4c5]} axb4 $2 (25... Nb7 26. Na4 c5) 26. axb4 Nb7 27. dxc6 Bxc6 {[#]} 28. Nd5 $2 (28. Ra1 $1 $18 {[%mdl 512] is more deadly.} Qb8 (28... Qxa1 29. Rxa1) 29. Rxa8 Qxa8 30. Qxb6) 28... Bxd5 $2 {A mistake that costs the game.} (28... Nd6 $16 {might work better.}) 29. exd5 Nd6 30. c5 Nf5 31. Kh2 ({Don't play} 31. cxb6 $6 Qb8 $16) 31... Ng3 $2 (31... Ne3 {was worth a try.}) 32. Rfe1 Re7 $2 (32... e4) 33. d6 Ree8 34. Bd5+ Kg7 35. Qb2 bxc5 36. Rxe5 Rxe5 37. Qxe5+ {[%mdl 64] Double Attack. White mates.} Kg6 38. Qe6+ Kg7 39. bxc5 Rf8 40. Rb7+ Qxb7 41. Bxb7 {Accuracy: White = 70%, Black = 33%.} 1-0

[Event "Stay Safe Play From Home 249"]
[Site "Emanuel Lasker Arena"]
[Date "2020.06.23"]
[Round "4"]
[White "Moontan"]
[Black "Haxhi Baha"]
[Result "0-1"]
[WhiteElo "1842"]
[BlackElo "1960"]
[Annotator "TA"]
[PlyCount "46"]
[EventDate "2020.06.23"]
[EventType "swiss (blitz)"]

{[%evp 9,46,-5,25,34,31,33,50,45,47,52,56,0,133,-14,-24,-16,-4,-19,27,0,81,64,66,29,36,0,37,0,99,42,89,92,89,59,64,8,11,-1116,-1105]} 1. e4 c5 2. Nc3 Nc6 3. f4 g6 4. Nf3 Bg7 5. Bb5 Nf6 6. Bxc6 {B23: Closed Sicilian: Lines without g3.} bxc6 7. d3 d5 8. e5 {White is slightly better.} Nd7 9. O-O {[#]} f6 $146 ({Predecessor:} 9... O-O 10. Qe1 Re8 11. e6 Nf6 12. exf7+ Kxf7 13. Ne5+ Kg8 14. Nxc6 Qd6 15. Ne5 Bf5 {1-0 (34) Ley,S (1849)-Roos,E (1842) Hennweiler 2018}) 10. Re1 (10. Qe2 $14) 10... O-O {[#]} (10... fxe5 $11 11. fxe5 O-O) 11. Na4 (11. e6 $1 $16) 11... fxe5 $11 12. fxe5 Qc7 {[%cal Rd7e5]} 13. Qe2 $1 e6 14. c4 Rb8 {[#]} (14... Bb7 $11) 15. b3 $1 $16 Rf5 {[%cal Rd7e5]} 16. Bb2 (16. g4 $5 {[%cal Rg4f5]} Rf7 17. Ba3 $11) 16... Ba6 17. Rac1 d4 18. Ba3 Qa5 (18... Nxe5 $11 {remains equal.} 19. Nh4 Rh5) 19. Qe4 ({White should play} 19. Rf1 $16) 19... Bb7 20. Qh4 Re8 21. Re4 Bxe5 22. Rce1 (22. Nxe5 $14 Nxe5 23. Rd1) 22... Bf6 $11 23. Rxe6 $2 {[%mdl 8192]} (23. Qh3 $11) 23... Rxe6 {Accuracy: White = 43%, Black = 63%.} ({Less strong is} 23... Bxh4 24. Rxe8+ Rf8 25. Nxh4 $15) 0-1

[Event "Stay Safe Play From Home 249"]
[Site "Emanuel Lasker Arena"]
[Date "2020.06.23"]
[Round "4"]
[White "Tobo Rubirosa"]
[Black "Klasman"]
[Result "0-1"]
[WhiteElo "1731"]
[BlackElo "1800"]
[Annotator "NA RC"]
[PlyCount "64"]
[EventDate "2020.06.23"]
[EventType "swiss (blitz)"]

1. Nf3 {[%emt 0:00:02]} f5 {[%emt 0:00:01]} 2. d4 {[%emt 0:00:02]} d5 {[%emt 0:00:02]} 3. g3 {[%emt 0:00:01]} Nf6 {[%emt 0:00:01]} 4. Bg2 {[%emt 0:00:01]} e6 {[%emt 0:00:01]} 5. O-O {[%emt 0:00:01]} Bd6 {[%emt 0:00:01]} 6. c4 {[%emt 0:00:03]} c6 {[%emt 0:00:02]} 7. b3 {[%emt 0:00:01]} Bd7 {[%emt 0:00:07]} 8. Ba3 {[%emt 0:00:02]} Qe7 {[%emt 0:00:04]} 9. Bxd6 {[%emt 0:00:02]} Qxd6 {[%emt 0:00:01]} 10. Ne5 {[%emt 0:00:01]} O-O {[%emt 0:00:10]} 11. Qc2 {[%emt 0:00:02]} c5 {[%emt 0:00:10]} 12. Nxd7 {[%emt 0:00:08]} Nbxd7 {[%emt 0:00:03]} 13. cxd5 {[%emt 0:00:02]} exd5 {[%emt 0:00:11]} 14. dxc5 {[%emt 0:00:01]} Qe5 {[%emt 0:00:12]} 15. Nc3 {[%emt 0:00:06]} Rac8 {[%emt 0:00:02]} 16. Qd3 {[%emt 0:00:25]} Nxc5 {[%emt 0:00:06]} 17. Bxd5+ {[%emt 0:00:10]} Kh8 {[%emt 0:00:11]} 18. Qf3 {[%emt 0:00:35]} Nce4 {[%emt 0:00:37]} 19. Bxe4 {[%emt 0:01:22]} fxe4 {[%emt 0:00:23]} 20. Qe3 {[%emt 0:00:04]} Rxc3 {[%emt 0:00:03]} 21. Qxa7 {[%emt 0:00:03]} e3 {[%emt 0:00:24]} 22. Qxb7 {[%emt 0:00:07]} exf2+ {[%emt 0:00:13]} 23. Rxf2 {[%emt 0:00:02]} Qc5 {[%emt 0:00:03]} 24. Kg2 {[%emt 0:00:18]} Qc6+ {[%emt 0:00:07]} 25. Qxc6 {[%emt 0:00:02]} Rxc6 {[%emt 0:00:01]} 26. Rf5 {[%emt 0:00:04]} Rc2 {[%emt 0:00:03]} 27. Kf3 {[%emt 0:00:04]} g6 {[%emt 0:00:10]} 28. Rb5 {[%emt 0:00:05]} Nd7+ {[%emt 0:00:09]} 29. Ke3 {[%emt 0:00:02]} Re8+ {[%emt 0:00:01]} 30. Kd3 {[%emt 0:00:02]} Rexe2 {[%emt 0:00:01]} 31. Rd5 {[%emt 0:00:03]} Red2+ {[%emt 0:00:02]} 32. Ke4 {[%emt 0:00:01]} Nf6+ {[%emt 0:00:02] Tobo Rubirosa rinde (Lag: Av=0.66s, max=1.2s)} 0-1